000 00543nam a2200193 i 4500
001 bgj
100 1 _aBROMHEAD, Peter.
245 1 0 _aLife in Modern America /
_cPeter Bromhead.
250 _a[3rd] new edition
_a[4th impr.].
260 _aNew York :
_bLongman,
_c1991.
300 _aXI, 180 pp :
_bmaps, photos ;
_c24 cm.
651 9 _aUnited States
_xSocial life and culture
020 _a0582018382 (pbk)
040 _cBPK
041 0 _aeng
920 _a0-582-01838-2 (pbk)
942 _cKS
008 s uk f |000 0 eng
999 _c49326
_d49326
856 _uhttp://koha.tu.koszalin.pl/cgi-bin/koha/opac-detail.pl?biblionumber=49326
_yKatalog online BPK